000 01273nam0a22002771 4500
001 rc\4131417
005 20260408011157.0
021 _aRU
_b[54-9786]
035 _a(NLR Aleph) 008157896
090 _a7792622
_c7792622
100 _a20130415d1953 u y0rusy50 ca
101 0 _arus
102 _aRU
105 _ay b |||||
200 1 _aКаталог туалетного мыла и парфюмерно-косметических товаров
_fМ-во легкой и пищевой пром-сти СССР. Гл. упр. парфюмерно-космет. и эфирно-масличной пром-сти
210 _aМосква
_c[Союзпищепромреклама]
_d1953
215 _a178 с.
_d29
300 _aНа переплете загл.: Парфюмерия. Каталог
517 0 _aПарфюмерия
606 _aПарфюмерно-косметические изделия
_jКаталоги
_2psbo
712 0 1 _aСССР
_bГлавное управление парфюмерно-косметической и эфирно-масличной промышленности
_3RU\NLR\AUTH\8810172858
_9841553
801 0 _aRU
_bNLR
_gpsbo
801 1 _aRU
_bELAR
_2rusmarc
852 _aNLR
_jПт 44.9/3
942 _cBOOK
980 _aNB